000 01085nam a2200181Ia 4500
008 151202s9999||||xx |||||||||||||| ||und||
082 _bPNVM-1068
100 _aदातार रा. भि.
245 _a"श्रीमन्महाभारत ग्रंथाचे सुरस मराठी भाषांतर, पु.3 रे, विराट पर्व व उद्योग पर्व."
260 _b"चिपळूणकर आणि मंडळी,पुणे."
260 _c0
300 _a0
600 _aदातार रा. भि.
630 _a"श्रीमन्महाभारत ग्रंथाचे सुरस मराठी भाषांतर, पु.3 रे, विराट पर्व व उद्योग पर्व."
700 _aदातार रा. भि.
730 _a"श्रीमन्महाभारत ग्रंथाचे सुरस मराठी भाषांतर, पु.3 रे, विराट पर्व व उद्योग पर्व."
942 _cBOOK
999 _c1267066
_d1267063